Welcome to the Holygrace Academy Library

Please use search bar below to get started

KING ARTHUR AND HIS KNIGHTS (Record no. 2944)

MARC details
000 -LEADER
fixed length control field 00407nam a22001577a 4500
020 ## - INTERNATIONAL STANDARD BOOK NUMBER
ISBN 978-81-7381-858
082 ## - DEWEY DECIMAL CLASSIFICATION NUMBER
Classification number 823
Item number PYL/K
100 ## - MAIN ENTRY--AUTHOR NAME
Personal name PYLE, HOWARD
245 ## - TITLE STATEMENT
Title KING ARTHUR AND HIS KNIGHTS
Remainder of title SHORT STORY
246 ## - VARYING FORM OF TITLE
Title proper/short title KING ARTHUR AND HIS KNIGHTS
Remainder of title SHORT STORY
260 ## - PUBLICATION, DISTRIBUTION, ETC. (IMPRINT)
Place of publication NEW CENTRAL BOOK AGENCY (p) LTD
Name of publisher KOLKATA
300 ## - PHYSICAL DESCRIPTION
Number of Pages 128
520 ## - SUMMARY, ETC.
Summary, etc SHORT STORY
650 ## - SUBJECT ADDED ENTRY--TOPICAL TERM
Topical Term SHORT STORY
942 ## - ADDED ENTRY ELEMENTS (KOHA)
Koha item type Books
Holdings
Withdrawn status Lost status Collection code Home library Current library Shelving location Date acquired Source of acquisition Cost, normal purchase price Full call number Accession Number Koha item type
    Fiction Main Library Main Library SHELF 4-F ENGLISH CLASSICS 18/01/2019 Purchase 65.00 823 PYL/K 10485 Books